Dos ensayos sobre demanda por dinero en Chile

Kaydedildi:
Detaylı Bibliyografya
Yazar: Corbo, Vittorio (Yazar)
Müşterek Yazar: Pontificia Universidad Católica de Chile. Instituto de Economía (Yazar)
Materyal Türü: Kitap
Dil:İspanyolca
Baskı/Yayın Bilgisi: Santiago Pontificia Universidad Católica de Chile 1981
Seri Bilgileri:Documento de trabajo. Pontificia Universidad Católica de Chile, Instituto de Economía, 73
Konular:
Etiketler: Etiketle
Etiket eklenmemiş, İlk siz ekleyin!

MARC

LEADER 00000nam a2200000 a 4500
001 UCX1772
003 CL-VaPUC
008 901030e19810000CL |||||||||||||||||spa|d
082 0 4 |a 332.498  |b COR  |2 21 
100 |a Corbo, Vittorio  |e author  |9 571707 
110 2 |a Pontificia Universidad Católica de Chile. Instituto de Economía  |e author  |9 317452 
245 1 0 |a Dos ensayos sobre demanda por dinero en Chile 
300 |a 41 h 
942 |c BK 
945 |d 19901030 00:00:00 
260 |a Santiago  |b Pontificia Universidad Católica de Chile  |c 1981 
650 7 |a POLITICA MONETARIA 1966-1970  |2 CL-VaPUC  |9 317453 
650 7 |a DEMANDA  |2 CL-VaPUC  |9 255172 
651 7 |a CHILE  |2 CL-VaPUC  |9 317454 
583 |a last modification  |c 20170808 12:20:28  |k Rodrigo Vera 
490 0 |a Documento de trabajo. Pontificia Universidad Católica de Chile, Instituto de Economía, 73 
999 |c 222936  |d 222934 
952 |0 0  |1 0  |4 0  |6 332_498000000000000_COR_1981  |7 0  |8 A  |9 218259  |a BIBENE  |b BIBENE  |d 2019-11-15  |i 2870967  |o 332.498 COR 1981  |p 2870967  |r 2025-01-15  |w 2019-11-15  |y BK  |k ICO 
952 |0 0  |1 0  |4 0  |6 332_498000000000000_COR_1981  |7 0  |8 A  |9 218260  |a BIBENE  |b BIBENE  |d 2019-11-15  |i 1992856  |o 332.498 COR 1981  |p 1992856  |r 2025-01-15  |w 2019-11-15  |y BK  |k ICO 
952 |0 0  |1 0  |4 0  |6 332_498000000000000_COR_1981  |7 0  |8 A  |9 218261  |a BIBENE  |b BIBENE  |d 2019-11-15  |i 1992805  |o 332.498 COR 1981  |p 1992805  |r 2025-01-15  |w 2019-11-15  |y BK  |k ICO